Zgadnij co to za postać z Miraculous | Część #2 - Statystyki

Ogólne statystyki
  • Ten quiz został rozwiązany 158 razy
  • Średni wynik to 11 z 16
Statystyki odpowiedzi
Obrazkowy Odpowiedź % Poprawnych
Kagami Tsurugi
89%
Luka Couffaine
88%
Kim Chiên Lê
85%
Rose Lavillant
81%
Max Kanté
80%
Tom Dupain
80%
Zoé Lee
80%
Juleka Couffaine
78%
Mayura
75%
Nathalie Sancoeur
69%
Nathaniel Kurtzberg
66%
Ivan Bruel
61%
Sabine Cheng
58%
Marc Anciel
49%
Mylène Haprèle
46%
Audrey Bourgeois
39%
Nie znaleziono quizów pasujących do podanych kryteriów
Rozkład punktacji
Procent ludzi z każdym wynikiem
Percentyl według liczby udzielonych odpowiedzi
Twoja historia wyników
Nie rozwiązałeś tego quizu